000 01448nam a2200253Ia 4500
999 _c54446
_d54446
001 21508
003 GE_BSU
005 20211124154434.0
008 181216s2006||||ge |||||||||||||| ||geo||
040 _cGE_BSU
041 _ageo
080 _a801.73+37.016+003 ვ-92
245 _aვსწავლობთ ტექსტის გააზრებას :
_bტესტური მასალები კითხვის უნარის განსავითარებლად კრებული 2.
_cკრებ. შემდგ. : ნ. გორდელაძე, თ. ოთხმეზური ; რედ. თ. ვასაძე.
264 _aთბილისი :
_b[?],
_c2006.
300 _a51 გვ. :
_bილ. ;
_c29 სმ.
541 _h5 ლ.
653 _aვსწავლობთ ტექსტის გააზრებას
653 _aტესტური მასალები კითხვის უნარის განსავითარებლად
700 _aგორდელაძე, ნ.
_eშემდგენელი
_910277
700 _aოთხმეზური, თ.
_eშემდგენელი
_913020
700 _aვასაძე, თ.
_eრედაქტორი
_913021
710 _aშეფასებისა და გამოცდების ეროვნული ცენტრი
_913022
942 _cBK
_2udc